000
00334nam a2200145Ia 4500
003
OSt
005
20240305095734.0
008
170524s9999 xx 000 0 und d
020
_a
978-8131718728
040
_c
iimtu meerut
100
_a
CHATURVEDI
245
0
_a
BUSINESS COMMUNICATION
260
_b
CONCEPT PUB. CO.
942
_2
ddc
_c
02
999
_c
7992
_d
7992